书目信息 |
| 题名: |
畅通英语中级教程
|
|
| 作者: | 米切尔, , 斯科特, 编著 ;畅通英语改编组 改编 | |
| 分册: | 2 | |
| 出版信息: | 北京 高等教育出版社 2005.06 |
|
| 页数: | 135页 | |
| 开本: | 28cm | |
| 丛书名: | 教育部职业教育与成人教育司推荐教材 | |
| 单 册: | ||
| 中图分类: | H31 | |
| 科图分类: | ||
| 主题词: | 英语--ying yu--高等教育--教材 | |
| 电子资源: | ||
| ISBN: | 7-04-017103-1 | |
| 000 | 01478nam 2200313 450 | |
| 001 | 012006946668 | |
| 005 | 20060928103105.06 | |
| 010 | @a7-04-017103-1@dCNY30.00 (含光盘) | |
| 100 | @a20060808d2005 km y0chiy0120 ea | |
| 101 | 0 | @aeng |
| 102 | @aCN@b110000 | |
| 105 | @aa z 000yy | |
| 200 | 1 | @a畅通英语中级教程@Achang tong ying yu zhong ji jiao cheng@h2@d= Channel your english intermediate student's book@h2@fH. Q. Mitchell, J. Scott [编著]@FH.Q.Mitchell,J.Scott[bian zhu]@g《畅通英语》改编组 [改编]@G《chang tong ying yu》gai bian zu[gai bian]@zeng |
| 210 | @a北京@c高等教育出版社@d2005.06 | |
| 215 | @a135页@c图@d28cm@e光盘1片 | |
| 225 | 2 | @a教育部职业教育与成人教育司推荐教材@Ajiao yu bu zhi ye jiao yu yu cheng ren jiao yu si tui jian jiao cai |
| 300 | @a高等职业教育英语教学用书(五年制适用) | |
| 307 | @a光盘 ISBN : 7-89493-844-0 | |
| 314 | @a责任者Mitchell译姓 : 米切尔, 责任者Scott译姓 : 斯科特, | |
| 330 | @a本书针对主教材每单元中的各项练习给出了练习目的、操作步骤、语言点注释、听力文字材料、练习答案等。 | |
| 410 | 0 | @12001 @a教育部职业教育与成人教育司推荐教材 |
| 510 | 1 | @aChannel your english intermediate student's book@h2@zeng |
| 606 | 0 | @a英语@Aying yu@x高等教育@j教材 |
| 690 | @aH31@v4 | |
| 701 | 1 | @a米切尔,@Ami qie er,@bH. Q.@g(Mitchell, H. Q.)@4编著 |
| 701 | 1 | @a斯科特,@Asi ke te,@bJ.@g(Scott, J.)@4编著 |
| 712 | 02 | @a畅通英语改编组@Achang tong ying yu gai bian zu@4改编 |
| 801 | 0 | @aCN@c20060928 |
| 905 | @a10447@dH31@eM665:2 | |
| 畅通英语中级教程.2= Channel your english intermediate student's book.2/H. Q. Mitchell, J. Scott [编著]/《畅通英语》改编组 [改编].-北京:高等教育出版社,2005.06 |
| 135页:图;28cm+光盘1片.-(教育部职业教育与成人教育司推荐教材) |
| 高等职业教育英语教学用书(五年制适用) |
| ISBN 7-04-017103-1:CNY30.00 (含光盘) |
| 本书针对主教材每单元中的各项练习给出了练习目的、操作步骤、语言点注释、听力文字材料、练习答案等。 |
| ● |
| 相关链接 |
|
|
|
正题名:畅通英语中级教程
索取号:H31/M665:2
 
预约/预借
| 序号 | 登录号 | 条形码 | 馆藏地/架位号 | 状态 | 备注 |
| 1 | 597684 | 205976844 | 语言库209/209语言库 85排1列3层/ [索取号:H31/M665:2] | 在馆 | |
| 2 | 597685 | 205976853 | 语言库209/209语言库 85排1列3层/ [索取号:H31/M665:2] | 在馆 | |
| 3 | 597686 | 205976862 | 语言库209/209语言库 85排1列3层/ [索取号:H31/M665:2] | 在馆 |